Ballon D'or 2024 - Statistics

General Stats
  • This quiz has been taken 47 times
  • The average score is 11 of 30
Answer Stats
Placement Player Name % Correct
Winner Rodri
100%
2 Vinicius Jr.
93%
4 Dani Carvajal
80%
6 Kilian Mbappé
80%
5 Erling Haaland
70%
8 Lamine Yamal
60%
11 Phil Foden
53%
9 Toni Kroos
50%
10 Harry Kane
47%
7 Lautaro Martinez
47%
18 Emiliano Martinez
40%
21 Bukayo Saka
37%
12 Florian Wirtz
37%
16 Granit Xhaka
37%
25 Cole Palmer
30%
26 Declan Rice
30%
15 Nico Williams
30%
22 Antonio Rüdiger
23%
23 Ruben Dias
23%
24 William Saliba
23%
29 (tie) Artem Dovbyk
20%
13 Dani Olmo
20%
17 Federico Valverde
20%
20 Hakan Çalhanoğlu
20%
19 Martin Ödegaard
17%
29 (tie) Mats Hummels
17%
27 Vitinha
13%
28 Alejandro Grimaldo
10%
14 Ademola Lookman
7%
3 Jude Belligham
7%
No matching quizzes found
Score Distribution
Percent of People with Each Score
Percentile by Number Answered
Your Score History
You have not taken this quiz